Polity and governance of Delhi (Record no. 1235917)

MARC details
000 -LEADER
fixed length control field 00663nam a2200229Ia 4500
005 - DATE AND TIME OF LATEST TRANSACTION
control field 20250108125153.0
008 - FIXED-LENGTH DATA ELEMENTS--GENERAL INFORMATION
fixed length control field 008 250107s9999 xx 000 0 eng d
020 ## - INTERNATIONAL STANDARD BOOK NUMBER
International Standard Book Number 978 81 8400034 4
037 ## - SOURCE OF ACQUISITION
Stock number TB
040 ## - CATALOGING SOURCE
Original cataloging agency CRL
Language of cataloging eng
Transcribing agency CRL
041 ## - LANGUAGE CODE
Language code of text/sound track or separate title eng
Source of code eng
084 ## - COLON CLASSIFICATION NUMBER
Classification number D854 R1
084 ## - COLON CLASSIFICATION NUMBER
Assigning agency CRL
100 ## - MAIN ENTRY--PERSONAL NAME
Personal name Goyel Purushottam Au.; Sharma S. K. Au.
9 (RLIN) 730517
245 #0 - TITLE STATEMENT
Title Polity and governance of Delhi
Statement of responsibility, etc. Goyel Purushottam Au.; Sharma S. K. Au.
260 ## - PUBLICATION, DISTRIBUTION, ETC.
Place of publication, distribution, etc. New Delhi, India
Name of publisher, distributor, etc. National Book Trust
Date of publication, distribution, etc. 3529
300 ## - PHYSICAL DESCRIPTION
Extent xi,226p.
365 ## - TRADE PRICE
Price type code INR
Price amount 13000
650 ## - SUBJECT ADDED ENTRY--TOPICAL TERM
Topical term or geographic name entry element POLITICAL SCIENCE
942 ## - ADDED ENTRY ELEMENTS (KOHA)
Koha item type Textbook
Classification part D854 R1
Holdings
Withdrawn status Lost status Damaged status Not for loan Home library Current library Date acquired Source of acquisition Cost, normal purchase price Total Checkouts Full call number Barcode Date last seen Price effective from Koha item type
        Central Library Central Library 2025-01-08 Gift, 12/11/2024, 13000.00   W.281 Q6 CL1699541 2025-01-08 2025-01-08 Textbook
Copyright @ Delhi University Library System